000 02528pam a2200289 i 4500
003 KPN
005 20260318101332.0
008 20260210b 00| 0 eng d
020 _a9789672939436
_qpaperback
_cRM20.90
040 _cKPN
082 0 4 _a658.3 YUS 2021
_223
090 0 0 _a658.3 YUS 2021
_bYUS
100 0 _aYusliza Mohd. Yusoff,
_cDr.,
_d1977-
_eauthor.
245 1 0 _aManaging Human Capital in the Digital Era /
_cYusliza Mohd Yusoff, Khatijah Omar, Nik Hazimah Nik Mat, Azlinzuraini Ahmad, Noraida Haji Ali
264 1 _aKuala Nerus, Terengganu :
_bPenerbit UMT,
_c2021
300 _aix, 73 pages ;
_c26 cm
504 _aIncludes bibliographical references and index
521 _aThe new paradigm of Industry 4.0 is rapidly spreading worldwide. There is a need for managing human capital effectively in parallel to Industry 4.0. Furthermore, the importance of technology in green or environmental management opens a new debate for the policy makers in order to promote green management practices to mitigate high mass carbon emissions across the globe. In this sense, Managing Human Capital in the Digital Era Module is published for the future-proofing set of competences, education, well-being and innovation that may support the workforce to cope with the Industry 4.0 paradigm for sustainable development. The main objective of this module is to develop workforce for digital era. Five main topics covered in this module, namely: (1) Overview of human resource management, (2) Green human resource management, (3) Talent management, (4) Coaching, and (5) Employee green behaviour. This module is designed that is suitable to all employers, employees, practitioners, researchers, and individuals as well as students in higher learning institutions. Future workforce will need to be highly adaptable, resourceful, resilient and interdisciplinary for interaction and collaboration in the industrial market. Human capital will have significant participation in the work and will undergo a redirection of jobs and learning. Thus, the implementation of green management practices in the organization is imperative for achieving long-term sustainable growth in a country.
650 1 0 _aPersonnel management
650 2 0 _aHuman capital
650 2 0 _aGovernment publications
_zMalaysia
700 0 _aKhatijah Omar,
_cDr.,
_d1968-
_eauthor.
700 0 _aNik Hazimah Nik Mat,
_cDr.,
_d1980-
_eauthor.
700 0 _aAzlinzuraini Ahmad,
_cDr.,
_d1977-
_eauthor.
700 0 _aNoraida Haji Ali,
_cDr.,
_d1971-
_eauthor.
942 _2ddc
_c1
_n0
999 _c1710
_d1710